Statistics for Countries With The Most Muslims

Click here to take the quiz!

General Stats

  • This quiz has been taken 20 times
  • The average score is 13 of 15

Answer Stats

Muslim PopulationCountry% Correct
229,000,000Indonesia
100%
200,400,000Pakistan
100%
87,500,000Egypt
94%
82,500,000Iran
94%
195,000,000India
89%
38,465,864Iraq
89%
31,878,000Saudi Arabia
89%
79,850,000Turkey
89%
41,240,913Algeria
83%
153,700,000Bangladesh
83%
37,930,989Morocco
83%
99,000,000Nigeria
78%
39,585,777Sudan
72%
34,836,014Afghanistan
61%
35,600,000Ethiopia
44%

Score Distribution

Percentile by Number Answered

Percent of People with Each Score

Your Score History

You have not taken this quiz